00206nam a2200073 a 450000500170000000800410001705000190005824500550007720140414093832.0970110s19uu xx 00 eng d aVHS 700bOR 22 aMusic Magic Video Library :bTechnology and Music.